Un ensayo sobre tipografía
Salvato in:
| Autore principale: | |
|---|---|
| Natura: | Libro |
| Lingua: | spagnolo |
| Pubblicazione: |
Valencia
Campgràfic
2004
|
| Edizione: | 1a. ed |
| Soggetti: | |
| Tags: |
Aggiungi Tag
Nessun Tag, puoi essere il primo ad aggiungerne!!
|
MARC
| LEADER | 00000cam a2200000 a 4500 | ||
|---|---|---|---|
| 001 | UCE5151 | ||
| 003 | CL-VaPUC | ||
| 008 | 141204e20040000sp |||||||||||||||||spa|d | ||
| 020 | |a 8493344648 | ||
| 082 | 0 | 4 | |a 686.22 |b GIL |2 21 |
| 100 | 0 | |a Gill, Eric |e author |9 577655 | |
| 245 | 1 | 3 | |a Un ensayo sobre tipografía |
| 250 | |a 1a. ed | ||
| 300 | |a 183 p | ||
| 942 | |c BK | ||
| 945 | |d 20141204 15:21:00 |a arojas | ||
| 260 | |a Valencia |b Campgràfic |c 2004 | ||
| 650 | 0 | |a Tipografía |9 266998 | |
| 650 | 0 | |a Grabados |9 310822 | |
| 650 | 0 | |a Letras |9 352290 | |
| 650 | 7 | |a PAPEL |2 CL-VaPUC |9 577656 | |
| 583 | |a last modification |c 20150507 04:00:04 |k Rodrigo Vera | ||
| 999 | |c 357939 |d 357937 | ||
| 952 | |0 0 |1 0 |3 erb |4 0 |6 686_220000000000000_GIL_2004 |7 0 |8 A |9 466122 |a BIBARQ |b BIBARQ |i 5128897 |o 686.22 GIL 2004 |p 5128897 |r 2025-01-20 |w 2019-11-23 |y BK |z Catalogado en:20141204 |k ARQ | ||